| 000 | 00404nam a2200145Ia 4500 | ||
|---|---|---|---|
| 008 | 230917s9999||||xx |||||||||||||| ||und|| | ||
| 040 |
_e14781 _aMAIN |
||
| 041 | _aEnglish | ||
| 082 | _a301.240954 Y75M | ||
| 100 | _aSingh, Yogendra | ||
| 245 | 0 | _aModernization of Indian tradition: A systematic study of social change | |
| 260 |
_aFaridabad _bThomson Press _c1977 |
||
| 300 | _axi, 267 p. | ||
| 942 | _cBK | ||
| 999 |
_c82428 _d82428 |
||